Kadı buyurdu katip yazdı: Tokat'a dair bir sakk mecmuası (Record no. 6060)

000 -LEADER
fixed length control field 00838nmm a2200265 a 4500
001 - CONTROL NUMBER
control field ocm000608164
003 - CONTROL NUMBER IDENTIFIER
control field TR-IsHL
005 - DATE AND TIME OF LATEST TRANSACTION
control field 20201028134211.0
008 - FIXED-LENGTH DATA ELEMENTS--GENERAL INFORMATION
fixed length control field 131121s2010 tu tur
007 - PHYSICAL DESCRIPTION FIXED FIELD--GENERAL INFORMATION
fixed length control field cr cn
020 ## - INTERNATIONAL STANDARD BOOK NUMBER
International Standard Book Number 9786055715717
035 ## - SYSTEM CONTROL NUMBER
System control number 608164
-- (N$T)
050 04 - LIBRARY OF CONGRESS CALL NUMBER
Classification number DS51.T6
Item number K33 2010
090 04 - LOCALLY ASSIGNED LC-TYPE CALL NUMBER (OCLC); LOCAL CALL NUMBER (RLIN)
Classification number (OCLC) (R) ; Classification number, CALL (RLIN) (NR) DS51.T6
Local cutter number (OCLC) ; Book number/undivided call number, CALL (RLIN) K33 2010
245 10 - TITLE STATEMENT
Title Kadı buyurdu katip yazdı: Tokat'a dair bir sakk mecmuası
Medium [electronic resource] /
Statement of responsibility, etc. haz. Ümit Ekin
260 ## - PUBLICATION, DISTRIBUTION, ETC.
Place of publication, distribution, etc. İstanbul :
Name of publisher, distributor, etc. Bilge Kültür Sanat,
Date of publication, distribution, etc. 2010
300 ## - PHYSICAL DESCRIPTION
Extent 336 p.
650 #4 - SUBJECT ADDED ENTRY--TOPICAL TERM
Topical term or geographic name entry element Tarih
650 #4 - SUBJECT ADDED ENTRY--TOPICAL TERM
Topical term or geographic name entry element History
650 #0 - SUBJECT ADDED ENTRY--TOPICAL TERM
Topical term or geographic name entry element Tokat (Türkiye)
General subdivision Tarih
650 #0 - SUBJECT ADDED ENTRY--TOPICAL TERM
Topical term or geographic name entry element Tokat (Turkey)
General subdivision History
650 #7 - SUBJECT ADDED ENTRY--TOPICAL TERM
Topical term or geographic name entry element LAW / Legal History
Source of heading or term bisacsh
700 1# - ADDED ENTRY--PERSONAL NAME
Personal name Ekin, Ümit
856 40 - ELECTRONIC LOCATION AND ACCESS
Uniform Resource Identifier <a href="http://search.ebscohost.com/login.aspx?direct=true&scope=site&db=e011xww&AN=608164">http://search.ebscohost.com/login.aspx?direct=true&scope=site&db=e011xww&AN=608164</a>
Holdings
Withdrawn status Lost status Source of classification or shelving scheme Damaged status Not for loan Collection code Permanent Location Current Location Date acquired Total Checkouts Full call number Barcode Date last seen Price effective from Koha item type
        Online   Kıbrıs Amerikan Üniversitesi Kütüphanesi / American University of Cyprus Kıbrıs Amerikan Üniversitesi Kütüphanesi / American University of Cyprus 28.10.2020   DS51.T6 K33 2010 608164 28.10.2020 28.10.2020 E-Kitap
Devinim Yazılım Eğitim Danışmanlık tarafından Koha'nın orjinal sürümü uyarlanarak geliştirilip kurulmuştur.